| 000 | 00567nam a2200205 4500 | ||
|---|---|---|---|
| 008 | b xx# fre u | ||
| 020 | _a2850084344 | ||
| 020 | _a9782850084348 | ||
| 040 | _aLB-BrCRDP | ||
| 082 | _a371.9/JOI | ||
| 100 | 1 | _aJoie,Gilbert | |
| 130 | 0 | _lFR | |
| 245 | 1 | 0 |
_aGérer la violence en milieu scolaire _bDu diagnostic aux remédiations _cGilbert Koie |
| 260 |
_aLyon _bChronique Sociale _c2001 |
||
| 300 |
_a123p.; _c22cm |
||
| 490 | 0 | _aPédagogie/Formation | |
| 650 | _aViolence | ||
| 942 | _cBK | ||
| 999 |
_c17024 _d17024 |
||